Statistics for Forrest Gump Ultimate Trivia

Click here to take the quiz!

General Stats

  • This quiz has been taken 2,189 times
    (2,143 since last reset)
  • The average score is 12 of 18

Answer Stats

QuestionAnswer% Correct
What war did Forrest fight in?Vietnam War
98%
What specialty is the Bubba-Gump company?Shrimp
95%
What was Forrest's lieutenant in Vietnam?Dan Taylor
94%
What sport did Forrest play in college?Football
94%
In the latter stages of the movie, what does Forrest do that takes him across the country?Run
93%
What sport does Forrest play in the olympics?Ping-Pong
91%
What promising rockstar does Forrest meet as a child?Elvis Presley
88%
What 'fruit' company did Forrest get a share in?Apple Inc.
85%
From what disease does his mom die?Cancer
85%
Benjamin Buford Blue is otherwise known as who?Bubba
84%
What did his mom always say life was like?A Box of Chocolates
83%
Who does Forrest meet on the Dick Cavett show?John Lennon
66%
Where was Forrest Gump born?Greenbow, Alabama
53%
Lt. Dan mistook Bubba and Forrest to be from what state?Arkansas
29%
What singer did Jenny want to be like?Joan Baez
16%
What is the name of Lt. Dan's fiancee?Susan
16%
What was Jenny's last name?Curran
13%
Who wrote the original Forrest Gump?Winston Groom
8%

Score Distribution

Percentile by Number Answered

Percent of People with Each Score

Your Score History

You have not taken this quiz since the last reset